MARC

LEADER 00000nam0a2200000 4500
001 234897
005 20231101231346.0
035 |a (RuTPU)RU\TPU\book\256026 
035 |a RU\TPU\book\225531 
090 |a 234897 
100 |a 20130401d1935 m y0rusy50 ca 
101 0 |a rus 
102 |a RU 
105 |a a z 000zy 
200 1 |a Знаете ли вы физику?  |f Я. И. Перельман 
205 |a 2-е изд., перераб. 
210 |a Ленинград  |c Главная редакция научно-популярной и юношеской литературы  |d 1935 
215 |a 339 с.  |c ил. 
606 1 |a Физика занимательная  |2 stltpush  |3 (RuTPU)RU\TPU\subj\63718  |9 80696 
610 1 |a механика 
610 1 |a жидкости 
610 1 |a газы 
610 1 |a теплофизика 
610 1 |a акустика 
610 1 |a оптика 
675 |a 53-8  |v 3 
700 1 |a Перельман  |b Я. И.  |c российский писатель  |c популяризатор физико-математических наук  |c основоположник жанра научно-занимательной литературы  |f 1882-1942  |g Яков Исидорович  |2 stltpush  |3 (RuTPU)RU\TPU\pers\14340  |9 4733 
801 1 |a RU  |b 63413507  |c 20120117 
801 2 |a RU  |b 63413507  |c 20140314  |g RCR 
942 |c BK